000
00326nam a2200133Ia 4500
005
20251222141857.0
008
251222s9999||||xx |||||||||||||| ||spa||
020
_a
978-987-1301-12-6
082
_a
658.312.4/R84
100
_a
Rosinki, Philippe
245
0
_a
Coaching y Cultura:
264
_b
Gran Aldea Editores
942
_c
LIB
999
_c
7921
_d
7921